000
00307nam a22001337a 4500
008
171019b xxu||||| |||| 00| 0 eng d
020
_a
0444876979
041
_a
eng
080
_a
338
100
_a
53
101
_a
MEN
245
_a
MODELING PRODUCTION MANGEMENT SYSTEMS
_c
MAZUMDER.F
942
_2
udc
_c
BK
999
_c
34988
_d
34988